000 00626nam a2200193Ia 4500
003 GCL
008 140319s9999 xx 000 0 ara d
040 _aGCL /
_cGCL
082 0 4 _a811.9
_bن ا
100 1 _aنزار قبانى
245 1 0 _aالاعمال الشعرية الكاملة : نزار قبانى /
_cنزار قبانى
250 _aالثانية
260 _aبيروت :
_bمنشورات نزار قبانى ،
_c1998
300 _aمتعدد ؛
_c24 سم
650 0 4 _aالادب العربى
650 0 4 _aنزار قبانى
650 0 4 _aالشعر العربى - مجموعات
942 _2ddc
_cBK
999 _c7943
_d7943